| 000 | 00414nam a2200121Ia 4500 | ||
|---|---|---|---|
| 008 | 220615s9999||||xx |||||||||||||| ||und|| | ||
| 245 | 0 | _aSimulation Modelling Practice and Theory | |
| 546 | _aEnglish[eng] | ||
| 650 | _aComputer modelling & simulation | ||
| 700 | _aAbu-Taieh, Evon||Abdel El Sheikh Ahmed, Asim | ||
| 856 | _uhttps://mts.intechopen.com/storage/books/7694/authors_book/authors_book.pdf | ||
| 942 | _cEB | ||
| 999 |
_c17691 _d17691 |
||